| 000 | 01290nam a22002657a 4500 | ||
|---|---|---|---|
| 005 | 20230805112304.0 | ||
| 008 | 230805b ||||| |||| 00| 0 eng d | ||
| 020 | _a9789391218270 | ||
| 040 | _cAL | ||
| 041 | _aeng | ||
| 082 |
_223 _a181.4 _bSARP |
||
| 100 |
_aSundar Sarukkari _9129473 |
||
| 245 |
_aPhilosophy for Children: _bThinking Reading Writing |
||
| 260 |
_aNew Delhi _bJugnoo Prakashan _c2021 |
||
| 300 |
_avi,72p. _bPB _c21x21cm. |
||
| 365 |
_2Political Science _a3174 _b220.00 _c₹ _d275.00 _e20% _f01-08-2023 |
||
| 521 | _aSundar Sarukkai finds philosophy and philosophical thinking in our everyday life. With him, you can look at a chair philosophically. Oh yes, even a chair! You just need to train your eyes and think... It all begins with seeing and adds to our thinking, reading, writing, and even being ourselves. A book that will stay with you forever and a book you would take to the future! Priya Kuriyan's illustrations make the book a visual treat. The life of the characters she has created for the book would enrich your reading experience. | ||
| 650 |
_aSeeing _9129474 |
||
| 650 |
_aMathematics _9129475 |
||
| 650 |
_aArt _9129476 |
||
| 650 |
_aBeing Good _9129477 |
||
| 650 |
_aLearning _9129478 |
||
| 700 |
_aSARUKKAI (Sundar) _9129479 |
||
| 942 |
_2ddc _cBK |
||
| 999 |
_c228222 _d228222 |
||